000 00798nam a2200217Ii 4500
003 JO-AjNU
008 230605s9999||||xx |||||||||||||| ||und||
017 _a2015/10/5221
040 _aJO-AjNU
_bara
_erda
_cJO-AjNU
041 _aara
050 1 4 _aHF5655.J353 2017
100 3 _aالحجاوي، محمد علي ؛ م. مشارك رافد ،كاظم نصيف العبيدي ,
_eauthor
_961574
245 0 0 _aقياس جودة المعلومات المحاسبية من وجهة نظر معديها ومستخدميها
250 _aط1
264 3 1 _aعمان: دار الايام للنشر والتوزيع، 2017
300 _a216ص
336 _atext
_btxt
_2rdacontent
337 _aunmediated
_bn
_2rdamedia
338 _avolume
_bnc
_2rdacarrier
650 4 _aالمحاسبة
_961575
999 _aA27839
_c31407
_d31407